书目信息 |
| 题名: |
100种野菜图说
|
|
| 作者: | 刘霞 编著 | |
| 分册: | ||
| 出版信息: | 北京 农村读物出版社 2001 |
|
| 页数: | 100页 | |
| 开本: | 21cm | |
| 丛书名: | 生活百味系列 | |
| 单 册: | ||
| 中图分类: | TS972.123 | |
| 科图分类: | ||
| 主题词: | 野生植物--蔬菜--图解 , 野生植物--蔬菜--菜谱--中国 | |
| 电子资源: | ||
| ISBN: | 7-5048-3381-9 | |
| 000 | 00856oam2 2200277 450 | |
| 001 | 060000019517 | |
| 005 | 20051009172508.07 | |
| 010 | @a7-5048-3381-9@dCNY18.00 | |
| 092 | @aCN | |
| 100 | @a20050127d2001 ekmy0chiy0120 ea | |
| 101 | 0 | @achi |
| 102 | @aCN@b110000 | |
| 105 | @aa z 000yy | |
| 200 | 1 | @a100种野菜图说@9100 zhong ye cai tu shuo@f刘霞编著@Fliu xia bian zhu |
| 210 | @a北京@c农村读物出版社@d2001 | |
| 215 | @a100页@c图@d21cm | |
| 225 | 2 | @a生活百味系列 |
| 330 | @a本书记载常用野菜100种。叙述了每种菜的来源、生境、采由及食用部分形态,和它们的营养成分、食用方法、口感。 | |
| 461 | 0 | @12001 @a生活百味系列 |
| 606 | 0 | @a野生植物@x蔬菜@x图解 |
| 606 | 0 | @a野生植物@x蔬菜@x菜谱@y中国 |
| 690 | @aTS972.123@v4 | |
| 701 | 0 | @a刘霞@Aliu xia@4编著 |
| 801 | 0 | @aCN@bTSSF@c20051009 |
| 905 | @a10447@dTS972.123@e117 | |
| 999 | @aHSJ@eDF | |
| 100种野菜图说/刘霞编著.-北京:农村读物出版社,2001 |
| 100页:图;21cm.-(生活百味系列) |
| ISBN 7-5048-3381-9:CNY18.00 |
| 本书记载常用野菜100种。叙述了每种菜的来源、生境、采由及食用部分形态,和它们的营养成分、食用方法、口感。 |
| ● |
| 相关链接 |
|
|
|
|
正题名:100种野菜图说
索取号:TS972.123/117
 
预约/预借
| 序号 | 登录号 | 条形码 | 馆藏地/架位号 | 状态 | 备注 |
| 1 | 0364984 | 3649840 | 第二样本阅览室/ [索取号:TS972.123/117] | 在馆 | |
| 2 | 0364985 | 3649859 | 第三借阅区/ [索取号:TS972.123/117] | 在馆 | |
| 3 | 0364986 | 3649868 | 第三借阅区/ [索取号:TS972.123/117] | 在馆 | |
| 4 | 0364987 | 3649877 | 第三借阅区/ [索取号:TS972.123/117] | 在馆 |